00494nam a22001577a 4500003000400000005001700004008002800021040002500049100002100074245004000095250001300135260003700148300002000185500007600205500005500281OSt20220531084002.0201005b 2014 d 00| 0 spa d aDO-SdBNPbspacBNPHU aCedano, Mario J.10aAlfa y Omega /b cMario J. Cedano  a2a. ed.  aSanto Domingo :bGraphc, c2014 a67 p. ;c22 cm. aMario Jj. Cedano (primer poeta ciego de América), (El Homero de hoy ) aMario J. Cedano, anclado como el vidente literario